000 00316nam a22000977a 4500
040 _cRUA
082 _aSEA NGU 2016 C227 Or.
245 _aAssessing impacts of land use and climate change on Soil and water resources in the srepok watershed,central highland of Vietnam.
260 _aphnom penh
_brua
_c2016
942 _cEK
999 _c21351
_d21351